| 000 | 01550nam a2200205Ia 4500 | ||
|---|---|---|---|
| 999 |
_c8334 _d8334 |
||
| 005 | 20241207085232.0 | ||
| 008 | 230609s9999 xx 000 0 und d | ||
| 040 |
_aUPAN _cBiblioteca San Vicente _eRCAA2 |
||
| 041 | _aspa | ||
| 082 |
_a348.023 _bM463r _c2003 |
||
| 100 |
_aMendoza Orantes, Ricardo _4aut. |
||
| 245 | 0 |
_aRecopilacion de leyes bancarias, financieras y bursatiles/ _bLic. Ricardo Mendoza Orantes |
|
| 250 | _a5° ed. | ||
| 260 |
_aEl Salvador; _bJuridica Salvadoreña, _c2003 |
||
| 300 |
_a459 p.: _c25 cm. |
||
| 505 | _a1. Ley de saneamiento y fortalecimiento de bancos comerciales y asociaciones de ahorro y prestamos 2. Ley orgánica de la superintendencia del sistema financiero 3. Ley de privatización de los bancos comerciales y de las asociaciones de ahorro y préstamo 4. Ley orgánica del Banco Central de Reserva de El Salvador 5. Ley de bancos 6. Ley de creación del Banco Multisectorial de inversiones 7. Ley de intermediarios financieros no bancarios 8. Ley del banco de Fomento Agropecuario 9. Ley del Fondo Nacional de Vivienda Popular 10. Ley orgánica de la Superintendencia de valores 11. Ley del mercado de valores 12. Reglamento de la Ley del mercado de valores 13. Ley de anotaciones electrónicas de valores en cuenta´ 14. Ley de sociedades de seguros 15. Reglamento de la ley de sociedades de seguros 16. Ley de integración monetaria 17. Ley de arrendamiento financiero 18. Índice | ||
| 650 |
_2LEMB _aBancos centrales- legislación |
||
| 650 |
_2LEMB _aDerecho bancario |
||
| 942 |
_cBK _2ddc |
||